ბათუმის შოთა რუსთაველის სახელმწიფო უნივერსიტეტის ბიბლიოთეკა

ოთხი პოემა (ბიბ.ჩანაწერი № 50243)

000 -LEADER
fixed length control field 00805nam a2200217Ia 4500
001 - CONTROL NUMBER
control field 17181
003 - CONTROL NUMBER IDENTIFIER
control field GE_BSU
008 - FIXED-LENGTH DATA ELEMENTS--GENERAL INFORMATION
fixed length control field 181216s||||||||xx |||||||||||||| ||und||
040 ## - CATALOGING SOURCE
Transcribing agency GE_BSU
080 ## - UNIVERSAL DECIMAL CLASSIFICATION NUMBER
Universal Decimal Classification number 821.161.1-11
100 ## - MAIN ENTRY--PERSONAL NAME
Personal name პუშკინი, ა.ს.
245 ## - TITLE STATEMENT
Title ოთხი პოემა
245 ## - TITLE STATEMENT
Statement of responsibility, etc. თარგმ. კონსტანტინე ჭიჭინაძისა. რედ. თ. სულიაშვილი
260 ## - PUBLICATION, DISTRIBUTION, ETC.
Place of publication, distribution, etc. თბილისი
260 ## - PUBLICATION, DISTRIBUTION, ETC.
Name of publisher, distributor, etc. სახელგამი
260 ## - PUBLICATION, DISTRIBUTION, ETC.
Date of publication, distribution, etc. 1956
300 ## - PHYSICAL DESCRIPTION
Extent 124გვ. ; 24სმ.
653 ## - INDEX TERM--UNCONTROLLED
Uncontrolled term კავკასიის ტყვე; ბაღჩისარაის შადრევანი; ბოშები; პოლტავა
653 ## - INDEX TERM--UNCONTROLLED
Uncontrolled term ოთხი პოემა
942 ## - ADDED ENTRY ELEMENTS (KOHA)
Koha item type წიგნი
ეგზემპლარები
Withdrawn status Lost status Damaged status Not for loan Date acquired Barcode Date last seen Price effective from Koha item type
        2018-12-17 21444 2018-12-17 2018-12-17 წიგნი
        2018-12-17 21445 2018-12-17 2018-12-17 წიგნი